|
|
|
|
| LEADER |
01362nam a2200325 a 4500 |
| 001 |
EBC594378 |
| 003 |
MiAaPQ |
| 005 |
20200520144314.0 |
| 006 |
m o d | |
| 007 |
cr cn||||||||| |
| 008 |
110902s2009 gw abcd sb 000 0 ger d |
| 020 |
|
|
|z 9783836672238
|
| 020 |
|
|
|a 9783836622233 (electronic bk.)
|
| 035 |
|
|
|a (MiAaPQ)EBC594378
|
| 035 |
|
|
|a (Au-PeEL)EBL594378
|
| 035 |
|
|
|a (CaPaEBR)ebr10487983
|
| 035 |
|
|
|a (OCoLC)679417072
|
| 040 |
|
|
|a MiAaPQ
|c MiAaPQ
|d MiAaPQ
|
| 050 |
|
4 |
|a G156.5.H47
|b E44 2009
|
| 100 |
1 |
|
|a El Kadhi, Wassim.
|
| 245 |
1 |
0 |
|a Cross-cultural destination image assessment
|h [electronic resource] :
|b cultural segmentation versus the global tourist : an exploratory study of Arab-Islamic and Protestant European youths' pre-visitation image on Berlin /
|c Wassim El Kadhi.
|
| 260 |
|
|
|a Hamburg :
|b Diplomica Verlag,
|c 2009.
|
| 300 |
|
|
|a 177 p. :
|b ill. (some col.), col. maps, col. port.
|
| 500 |
|
|
|a Title from cover.
|
| 504 |
|
|
|a Includes bibliographical references.
|
| 533 |
|
|
|a Electronic reproduction. Ann Arbor, MI : ProQuest, 2015. Available via World Wide Web. Access may be limited to ProQuest affiliated libraries.
|
| 650 |
|
0 |
|a Culture and tourism.
|
| 655 |
|
4 |
|a Electronic books.
|
| 710 |
2 |
|
|a ProQuest (Firm)
|
| 856 |
4 |
0 |
|u https://ebookcentral.proquest.com/lib/matrademy/detail.action?docID=594378
|z Click to View
|